000 00365nam a22001217a 4500
008 230619b xxu||||| |||| 00| 0 eng d
020 _a9966-9653-1-9
082 _a658.404
_bCHI 2009
245 _aParticipatory Project Identification and Planning
_cJohn Chikati
260 _aNairobi, Kenya
_bREPARED Publishing Department
_c2009
300 _avi,85p
942 _2ddc
_cBK
999 _c1302
_d1302